| 000 | 00743nam a22001937a 4500 | ||
|---|---|---|---|
| 999 |
_c176160 _d176160 |
||
| 005 | 20201120130519.0 | ||
| 010 | _aENG-128597 | ||
| 020 |
_a978-93-89658-57-6 _c250.00 |
||
| 035 | _aEN-112129 | ||
| 037 | _bDBAD/PUB | ||
| 082 | _a658.812 | ||
| 100 | _aMohideen, A. Sulthan | ||
| 245 |
_aCustomer Relationship Management/ _cA. Sulthan Mohideen and M. Mohamed Ishaq |
||
| 260 |
_aTamil Nadu _bShanlax Publications _c2020 |
||
| 270 |
_bTamil Nadu _e625003 _a61, 66 T P K Main Road, Vasantha Nagar, Madurai _k0452-4208765, 7639303383 _mpublisher@shanlaxpublications.com |
||
| 300 |
_a234p. _c24cm(pbk) _bIncluding Illustrations and bibliographical references. |
||
| 700 | _aIshaq, M. Mohamed | ||
| 942 |
_2ddc _cEN _h658.812 _mMOH |
||